00450nam a2200121Ia 4500008004100000020001800041100002200059245011000081260002600191300002000217500002800237650006300265120720s9999 xx 000 0 und d a968-5507-49-x aBD232 V35.E5 2003 aValores Auroch : como enseñar los valores humanos / Gíl León Encíso, José Antonio Andrade Reyes aMéxico : Lukambanda a127 p. / 21 cm. aincluyte bibliografía a1. Valores (Filosofía). 2. Toma de decisiones. ÌÌ